00704nam a22001817a 4500003000500000005001700005008004100022020001800063050002800081100002000109245016900129260005000298300003100348500005100379650002400430650004500454650002300499SISC20170518115526.0170518b xxu||||| |||| 00| 0 eng d a9781118916087 aRC 489.C63b.Su943 2016 aSudek, Donna M. aTeaching and supervising cognitive behavioral therapy /cDonna M. Sudak, R. Trent Codd III, John Ludgate, Leslie Sokol, Marci G. Fox, Robert Reiser, Derek L. Milne. aNew Jersey :bJohn Wiley & Sons, Inc.,c2016. axxiii, 279 pages ;c23 cm. aIncludes bibliographical references and index. aCognitive therapy.  aCognitive therapy -- Study and teaching. aBehavior therapy.